| 000 | 00850nam a2200241 a 4500 | ||
|---|---|---|---|
| 999 |
_c12065 _d12065 |
||
| 001 | 12065 | ||
| 003 | BD-JhCC | ||
| 005 | 20210310110538.0 | ||
| 008 | 201118b20102015bg |||| ||a| 000 0 mul d | ||
| 020 | _a9847013304004 | ||
| 035 | _a(BD-JhCC)12065 | ||
| 040 |
_aBD-JhCC _dBD-JhCC |
||
| 041 | _amul | ||
| 082 |
_a340.92 _bBAN 2015 |
||
| 245 |
_aবঙ্গবন্ধু হত্যা মামলার ঐতিহাসিক রায় / _cসম্পাঃ রবীন্দ্রনাথ ত্রিবেদী । |
||
| 260 |
_aঢাকা: _bকাকলী প্রকাশনী; _c২০১৫. |
||
| 300 |
_a559 p. : _c22 cm. |
||
| 600 | _aBaṅgabandhu Mujibara Rahamāna | ||
| 650 |
_aBangladesh _zLaw |
||
| 700 | _aত্রিবেদী,রবীন্দ্রনাথ | ||
| 942 |
_2ddc _cBK |
||